Office 95 made simple

Bibliographic Details
Main Author: McBride, P.K
Format: Book
Published: Oxford : Made Simple , 1996
Subjects:

MARC

LEADER 00000cam a2200000 7i4500
001 0000007804
002 000008374
005 20000330.0
020 |a 0750626259 
090 0 0 |a 650.02855369   |b MCB 
100 1 |a McBride, P.K 
245 1 0 |a Office 95 made simple   |c P.K. McBride 
260 |a Oxford :   |b Made Simple ,   |c 1996 
300 |a 150p. ;   |c 15cm. 
650 0 0 |a Microsoft Office 
999 |a 052946   |b BUKU   |c PINJAMAN   |e PERPUSTAKAAN KOMUNITI PETALING JAYA 
999 |a 052947   |b BUKU   |c PINJAMAN   |e PERPUSTAKAAN KOMUNITI PETALING JAYA 
999 |a 054398   |b BUKU   |c PINJAMAN   |e PERPUSTAKAAN KOMUNITI CAW KOTA DAMANSARA